LIBRARY & INFORMATION CENTRE, KCAET, TAVANUR

ONLINE PUBLIC ACCESS CATALOGUE (OPAC)

Energy development quality of life:energie-developpement division-2 (Record no. 10958)

MARC details
000 -LEADER
fixed length control field 00429cam a2200157ua 4500
003 - CONTROL NUMBER IDENTIFIER
control field OSt
008 - FIXED-LENGTH DATA ELEMENTS--GENERAL INFORMATION
fixed length control field 260213b |||||||| |||| 00| 0 eng d
041 ## - LANGUAGE CODE
Language code of text/sound track or separate title eng
082 ## - DEWEY DECIMAL CLASSIFICATION NUMBER
Classification number 028.74621
Item number CON/EN
245 ## - TITLE STATEMENT
Title Energy development quality of life:energie-developpement division-2
260 ## - PUBLICATION, DISTRIBUTION, ETC. (IMPRINT)
Place of publication Newdelhi :
Name of publisher World energy conference ,
Year of publication 1983.
300 ## - PHYSICAL DESCRIPTION
Number of Pages 200 ; .
500 ## - GENERAL NOTE
General note ** Reference
942 ## - ADDED ENTRY ELEMENTS (KOHA)
Koha item type Books
Holdings
Withdrawn status Lost status Damaged status Home library Current library Date acquired Full call number Accession Number Koha item type
      KAUAET KAUAET 01/10/1986 028.74621 CON/EN 15781 Reference
      KAUAET KAUAET 01/10/1986 028.74621 CON/EN 15782 Reference
      KAUAET KAUAET 07/04/2012 028.74621 CON/EN 15780 Reference
free website counter